| Поле | Название | Значение |
| |
Тип записи |
a |
| |
Библиографический уровень |
m |
| 001 |
Контрольный номер |
RU/IS/BASE/527609322 |
| 005 |
Дата корректировки |
20240209174649.5 |
| 010 |
Индекс ISBN |
__ |
| b |
Уточнения |
в пер. |
| d |
Цена |
45 к. |
| 9 |
Тираж |
100 000 экз. |
| 100 |
Данные общей обработки |
__ |
| a |
Данные общей обработки |
20160919d2016 ||| 0rusy0189 ca |
| 101 |
Язык документа |
0_ |
| a |
Язык текста |
rus |
| 102 |
Страна публикации |
__ |
| a |
Страна публикации |
RU |
| 105 |
Кодированные данные (монография) |
__ |
| a |
Кодированные данные (монография) |
y###||||000|y |
| 200 |
Заглавие и сведения об ответственности |
1_ |
| a |
Заглавие |
"Бой абсолютно неизбежен" |
| b |
Общее обозначение материала |
Текст |
| e |
Сведения, относящиеся к заглавию |
историко-философские очерки о книге В. И. Ленина "Материализм и эмпириокритицизм" |
| f |
Первые сведения об ответственности |
А. И. Володин, Б. С. Итенберг |
| 205 |
Сведения об издании |
__ |
| a |
Основные сведения об издании |
2-е изд., доп. |
| 210 |
Выходные данные |
1_ |
| a |
Место издания |
Москва |
| c |
Издательство |
Политиздат |
| d |
Дата издания |
1985 |
| 215 |
Физическое описание |
__ |
| a |
Объем |
237 с. |
| d |
Формат |
16 см. |
| 300 |
Общие примечания |
__ |
| a |
Общие примечания |
Ограничения по возрасту - 16+ |
| 300 |
Общие примечания |
__ |
| a |
Общие примечания |
Под инв. номером 15321: Цс-3, 3-2, 5-1, 7-1, 17-2 |
| 606 |
Тематические рубрики |
0_ |
| a |
Основная рубрика |
Ленин, Владимир Ильич (1870-1924) - Произведения |
| 610 |
Ключевые слова |
0_ |
| a |
Ключевые слова |
произведения философские |
| a |
Ключевые слова |
очерки историко-философские |
| a |
Ключевые слова |
история политических учений |
| a |
Ключевые слова |
деятели политические |
| 686 |
Индексы других классификаций |
__ |
| a |
Классификационный индекс |
63.3(2)6-8Ленин1 |
| 2 |
Код системы |
ББК |
| 700 |
Автор |
_0 |
| a |
Фамилия |
Володин |
| b |
Имя (инициалы) |
Александр Иванович |
| g |
Полное личное имя |
А. И. |
| 801 |
Источник записи |
_0 |
| a |
Страна |
RU |
| b |
Организация |
МБУК ЦБС |
| c |
Дата составления |
20160919 |
| g |
Правила каталогизации |
RCR |
| 801 |
Источник записи |
_1 |
| a |
Страна |
RU |
| b |
Организация |
МБУК ЦБС г. Ульяновска |
| c |
Дата составления |
20160919 |
| g |
Правила каталогизации |
RCR |
| 899 |
Данные о местонахождении |
__ |
| i |
Авторский знак |
В 68 |
| j |
Расстановочный фильтр |
63.3(2)6-8Ленин1 |
| 901 |
Тип документа |
__ |
| t |
Тип документа |
m |
| 910 |
Корректоры записи |
__ |
| a |
Корректор записи |
Мазина |